[Event "Petroupoli ASOP Dias Seniors op"]
[Site "Petroupoli"]
[Date "2014.03.29"]
[Round "2.12"]
[White "Agriopoulou, Stavroula"]
[Black "Mourtzouni, Maria"]
[Result "0-1"]
[WhiteElo "1000"]
[BlackElo "1362"]
[PlyCount "66"]
[EventDate "2014.03.22"]
[EventType "swiss"]
[EventRounds "7"]
[EventCountry "GRE"]
[SourceTitle "EXT 2024"]
[Source "ChessBase"]
[SourceDate "2023.10.10"]
[SourceVersion "1"]
[SourceVersionDate "2023.10.10"]
[SourceQuality "1"]

1. d4 Nf6 2. c4 e6 3. Nc3 Bb4 4. Bg5 h6 5. Bh4 g5 6. Bg3 Ne4 7. Qc2 f5 8. Be5 Rg8 9. f3 Nxc3 10. bxc3 Ba5 11. d5 Qe7 12. e3 Na6 13. Bd3 Nc5 14. Be2 d6 15. Bd4 Bd7 16. Rb1 b6 17. e4 Na4 18. Bd3 e5 19. Bf2 Bxc3+ 20. Kd1 f4 21. Ne2 Ba5 22. g3 Qf7 23. gxf4 gxf4 24. Bh4 Nc5 25. Nc3 Bxc3 26. Qxc3 Qh5 27. Be1 Qxf3+ 28. Be2 Qxc3 29. Bxc3 Nxe4 30. Bh5+ Kf8 31. Be1 Bg4+ 32. Bxg4 Rxg4 33. Ke2 Nf6 0-1

[Event "Petroupoli ASOP Dias Seniors op"]
[Site "Petroupoli"]
[Date "2013.11.09"]
[Round "7.10"]
[White "Bellos, Vasilios"]
[Black "Mourtzouni, Maria"]
[Result "1-0"]
[WhiteElo "1492"]
[BlackElo "1383"]
[PlyCount "29"]
[EventDate "2013.09.28"]
[EventType "swiss"]
[EventRounds "7"]
[EventCountry "GRE"]
[SourceTitle "EXT 2024"]
[Source "ChessBase"]
[SourceDate "2023.10.10"]
[SourceVersion "1"]
[SourceVersionDate "2023.10.10"]
[SourceQuality "1"]

1. e4 e5 2. Nf3 Nc6 3. Bc4 Bc5 4. c3 Nf6 5. d4 exd4 6. cxd4 Bb4+ 7. Nc3 0-0 8. e5 Ne4 9. 0-0 Nxc3 10. bxc3 Bxc3 11. Bd3 g6 12. Bg5 Qe8 13. Bf6 Bxd4 14. Ng5 d5 15. Qh5 1-0

[Event "Petroupoli ASOP Dias Seniors op"]
[Site "Petroupoli"]
[Date "2013.04.06"]
[Round "2.13"]
[White "Mourtzouni, Maria"]
[Black "Spanos, Athanasios Ch"]
[Result "1/2-1/2"]
[WhiteElo "1447"]
[BlackElo "1520"]
[PlyCount "88"]
[EventDate "2013.03.30"]
[EventType "swiss"]
[EventRounds "7"]
[EventCountry "GRE"]
[SourceTitle "EXT 2024"]
[Source "ChessBase"]
[SourceDate "2023.10.10"]
[SourceVersion "1"]
[SourceVersionDate "2023.10.10"]
[SourceQuality "1"]

1. e4 d5 2. exd5 Qxd5 3. Nc3 Qa5 4. Bc4 Nf6 5. d3 Bf5 6. Nf3 c6 7. Bd2 Qc7 8. Qe2 e6 9. 0-0 Bd6 10. Ne4 Be7 11. Ng3 Bg4 12. h3 Bxf3 13. Qxf3 0-0 14. Ne4 Nbd7 15. Bb3 Nd5 16. Rae1 Nc5 17. Nxc5 Bxc5 18. a3 Qb6 19. Qg3 Bd4 20. Bc1 a5 21. Bxd5 cxd5 22. c3 Bf6 23. d4 a4 24. Re2 g6 25. h4 Rfe8 26. h5 Re7 27. Bg5 Bxg5 28. Qxg5 Qd8 29. Re3 Qf8 30. Qf6 Rae8 31. Rh3 Qg7 32. Qf3 b5 33. h6 Qf8 34. Qd3 Rb7 35. Re1 f5 36. Re5 Qf6 37. Qe2 Kf7 38. g4 Ree7 39. f4 Rb6 40. g5 Qh8 41. Rhe3 Qa8 42. Qe1 Qc6 43. Qd1 Qc4 44. Re2 Rc6 1/2-1/2

[Event "Petroupoli op 4th"]
[Site "Petroupoli"]
[Date "2012.05.05"]
[Round "3"]
[White "Kolyvas, Aris"]
[Black "Mourtzouni, Maria"]
[Result "1/2-1/2"]
[WhiteElo "1404"]
[BlackElo "1509"]
[PlyCount "108"]
[EventDate "2012.04.28"]
[EventType "swiss"]
[EventRounds "7"]
[EventCountry "GRE"]
[SourceTitle "CBM 148 Extra"]
[Source "ChessBase"]
[SourceDate "2012.06.22"]
[SourceVersion "1"]
[SourceVersionDate "2012.06.22"]
[SourceQuality "1"]

1. d4 Nf6 2. c4 d6 3. Nc3 g6 4. g3 Bg7 5. Bg2 Nbd7 6. Nf3 a6 7. 0-0 0-0 8. Bd2 e5 9. d5 Nc5 10. b4 Nce4 11. Rc1 Nxc3 12. Bxc3 Ne4 13. Nd2 Nxc3 14. Rxc3 f5 15. e3 e4 16. Rc1 Bd7 17. c5 Bb5 18. Nc4 Qf6 19. a4 Bxc4 20. Rxc4 c6 21. cxd6 Qxd6 22. dxc6 Qxd1 23. Rxd1 bxc6 24. Rxc6 Rfb8 25. Rb1 Bf8 26. Bf1 Rxb4 27. Rxb4 Bxb4 28. Rxa6 Rxa6 29. Bxa6 Kg7 30. Kf1 Kf6 31. Ke2 Ke5 32. f4+ Kd5 33. Bb5 Ke6 34. Bc4+ Kf6 35. Kd1 g5 36. Be2 h6 37. h3 Ba5 38. Bh5 Bb6 39. Ke2 Bc7 40. Be8 Ke7 41. Bc6 Kf6 42. h4 gxh4 43. gxh4 Kg6 44. Be8+ Kg7 45. h5 Kf6 46. Bd7 Bb6 47. Kf2 Ba5 48. Kg3 Be1+ 49. Kg2 Bd2 50. Kf2 Ba5 51. Be8 Ke7 52. Bg6 Kf6 53. Bh7 Bb4 54. Ke2 Ba5 1/2-1/2

[Event "Petroupoli op 4th"]
[Site "Petroupoli"]
[Date "2012.05.02"]
[Round "2"]
[White "Foutouhos, Dimitrios"]
[Black "Mourtzouni, Maria"]
[Result "1-0"]
[WhiteElo "1275"]
[BlackElo "1509"]
[PlyCount "99"]
[EventDate "2012.04.28"]
[EventType "swiss"]
[EventRounds "7"]
[EventCountry "GRE"]
[SourceTitle "CBM 148 Extra"]
[Source "ChessBase"]
[SourceDate "2012.06.22"]
[SourceVersion "1"]
[SourceVersionDate "2012.06.22"]
[SourceQuality "1"]

1. e4 b6 2. d4 Bb7 3. Nc3 e6 4. Bc4 Bb4 5. d5 Ne7 6. dxe6 Bxc3+ 7. bxc3 dxe6 8. Qxd8+ Kxd8 9. f3 c5 10. Bf4 Nbc6 11. 0-0-0+ Ke8 12. Ne2 e5 13. Bg3 f6 14. Rd2 Rd8 15. Rhd1 Rxd2 16. Rxd2 a6 17. a4 Na5 18. Ba2 b5 19. axb5 axb5 20. Be6 Bc8 21. Bxc8 Nxc8 22. Rd5 Nb7 23. Bf2 Ne7 24. Rd1 Kf7 25. Rd7 Rb8 26. Rc7 c4 27. Ba7 Ra8 28. Rxb7 Ke8 29. Rb8+ Rxb8 30. Bxb8 Nc6 31. Bd6 Kd7 32. Bf8 g6 33. f4 Ke6 34. g3 f5 35. exf5+ Kxf5 36. fxe5 Kxe5 37. Bg7+ Ke4 38. Nd4 Nxd4 39. cxd4 c3 40. d5 Kxd5 41. Bxc3 Kc4 42. Kd2 b4 43. Ba1 b3 44. cxb3+ Kxb3 45. g4 Kc4 46. Ke3 Kd5 47. Kf4 Ke6 48. Kg5 Kf7 49. Kh6 Kg8 50. h4 1-0

[Event "Petroupoli op 3rd"]
[Site "Petroupoli"]
[Date "2012.03.10"]
[Round "1"]
[White "Kazanakis, Efstathios"]
[Black "Mourtzouni, Maria"]
[Result "1-0"]
[WhiteElo "1932"]
[BlackElo "1509"]
[PlyCount "77"]
[EventDate "2012.03.10"]
[EventType "swiss"]
[EventRounds "7"]
[EventCountry "GRE"]
[SourceTitle "CBM 147 Extra"]
[Source "ChessBase"]
[SourceDate "2012.04.24"]
[SourceVersion "1"]
[SourceVersionDate "2012.04.24"]
[SourceQuality "1"]

1. e4 b6 2. Nc3 Bb7 3. d4 e6 4. Bd3 Nf6 5. Nf3 Bb4 6. Qe2 d5 7. e5 Ne4 8. Bd2 Nxd2 9. Nxd2 Be7 10. Nd1 c5 11. c3 Nc6 12. Qg4 g5 13. dxc5 Bxc5 14. Bb5 a6 15. Bxc6+ Bxc6 16. h4 Be7 17. hxg5 Bxg5 18. Nf3 Be7 19. Qg7 Kd7 20. Rxh7 Rxh7 21. Qxh7 Qg8 22. Qxg8 Rxg8 23. Ne3 Bc5 24. Nd4 Bb7 25. Ke2 Rh8 26. g4 Be7 27. Rg1 f6 28. exf6 Bxf6 29. g5 Bg7 30. f4 Rh2+ 31. Ng2 e5 32. Nf5 d4 33. Kf1 Bxg2+ 34. Rxg2 Rxg2 35. Kxg2 d3 36. Kf2 exf4 37. Nxg7 d2 38. Ke2 Ke7 39. Nh5 1-0

[Event "Petroupoli op"]
[Site "Petroupoli"]
[Date "2012.01.28"]
[Round "5"]
[White "Mourtzouni, Maria"]
[Black "Giannoulis, Dionisios"]
[Result "1-0"]
[WhiteElo "1524"]
[BlackElo "1736"]
[PlyCount "97"]
[EventDate "2012.01.14"]
[EventType "swiss"]
[EventRounds "7"]
[EventCountry "GRE"]
[SourceTitle "EXT 2013"]
[Source "ChessBase"]
[SourceDate "2012.11.22"]
[SourceVersion "1"]
[SourceVersionDate "2012.11.22"]
[SourceQuality "1"]

1. e4 c5 2. Nc3 a6 3. g3 Nc6 4. Nf3 d6 5. Bg2 Nf6 6. d3 g6 7. 0-0 Bg7 8. Qe1 0-0 9. Bd2 Qc7 10. Qc1 Re8 11. Bh6 Bh8 12. h3 b5 13. Nh4 e5 14. Nf5 Rb8 15. g4 Nd4 16. Re1 b4 17. Ne2 Nxf5 18. gxf5 Bb7 19. Ng3 d5 20. Qg5 dxe4 21. dxe4 Rbd8 22. Rad1 Rxd1 23. Rxd1 Rd8 24. Rxd8+ Qxd8 25. Bf3 Qd6 26. Qc1 Nd7 27. Kf1 Bg7 28. Bxg7 Kxg7 29. Qg5 Nf6 30. fxg6 Kg8 31. gxf7+ Kxf7 32. Nf5 Qf8 33. Nh6+ Ke6 34. Bg4+ Nxg4 35. Qxg4+ Kd6 36. Nf5+ Kc7 37. Qe2 Bc8 38. Qg4 Kb6 39. Qh5 Bxf5 40. Qxf5 Qd6 41. Ke2 h6 42. h4 Qd4 43. b3 Qd6 44. h5 Kb5 45. Qg6 Qd4 46. Qxh6 Qxe4+ 47. Qe3 Qxc2+ 48. Qd2 Qf5 49. Qd3+ 1-0

[Event "Petroupoli op 6th"]
[Site "Petroupoli"]
[Date "2011.11.05"]
[Round "7"]
[White "Mourtzouni, Maria"]
[Black "Mantzakouras, Loukas"]
[Result "1-0"]
[WhiteElo "1572"]
[BlackElo "1015"]
[PlyCount "39"]
[EventDate "2011.10.15"]
[EventType "swiss"]
[EventRounds "7"]
[EventCountry "GRE"]
[SourceTitle "EXT 2013"]
[Source "ChessBase"]
[SourceDate "2012.11.22"]
[SourceVersion "1"]
[SourceVersionDate "2012.11.22"]
[SourceQuality "1"]

1. e4 e5 2. d4 exd4 3. Qxd4 Nc6 4. Qe3 d6 5. Nc3 Nf6 6. Bd2 Be6 7. h3 Be7 8. 0-0-0 Ne5 9. f4 Nc4 10. Bxc4 Bxc4 11. g4 c6 12. Nf3 b5 13. b3 Be6 14. f5 Bd7 15. e5 Ng8 16. exd6 b4 17. Ne2 Qa5 18. Kb2 Qa3+ 19. Kb1 a5 20. Bc1 1-0

[Event "Petroupoli op 6th"]
[Site "Petroupoli"]
[Date "2011.10.22"]
[Round "3"]
[White "Mourtzouni, Maria"]
[Black "Fanos, Alexandros"]
[Result "1-0"]
[WhiteElo "1572"]
[BlackElo "1005"]
[PlyCount "41"]
[EventDate "2011.10.15"]
[EventType "swiss"]
[EventRounds "7"]
[EventCountry "GRE"]
[SourceTitle "EXT 2013"]
[Source "ChessBase"]
[SourceDate "2012.11.22"]
[SourceVersion "1"]
[SourceVersionDate "2012.11.22"]
[SourceQuality "1"]

1. e4 e5 2. d4 Nc6 3. d5 Bb4+ 4. c3 Ba5 5. dxc6 bxc6 6. Nf3 d6 7. Bc4 Be6 8. Bxe6 fxe6 9. 0-0 Nf6 10. Re1 d5 11. exd5 cxd5 12. Rxe5 Qd6 13. Qe2 Ng8 14. Rxe6+ Qxe6 15. Qxe6+ Ne7 16. Bg5 Kd8 17. Qxd5+ Kc8 18. Qxa8+ Kd7 19. Qxh8 Ng6 20. Qxg7+ Ne7 21. Qxe7+ 1-0

[Event "Rethymno op 1st"]
[Site "Rethymno"]
[Date "2009.07.12"]
[Round "1"]
[White "Sengupta, Deep"]
[Black "Mourtzouni, Maria"]
[Result "1-0"]
[WhiteElo "2488"]
[BlackElo "1716"]
[PlyCount "29"]
[EventDate "2009.07.12"]
[EventType "swiss"]
[EventRounds "9"]
[EventCountry "GRE"]
[SourceTitle "CBM 131 Extra"]
[Source "ChessBase"]
[SourceDate "2009.09.03"]
[SourceVersion "2"]
[SourceVersionDate "2009.09.16"]
[SourceQuality "1"]

1. e4 d5 2. exd5 Qxd5 3. Nc3 Qa5 4. d4 c6 5. Bc4 Bf5 6. Nf3 Nf6 7. Bd2 e6 8. Qe2 Bd6 9. d5 cxd5 10. Nxd5 Qd8 11. Nxf6+ gxf6 12. 0-0-0 Nd7 13. Be3 Qc7 14. Nd4 Ne5 15. Nb5 1-0

[Event "Panagiotis Apergis op"]
[Site "Ano Liosia"]
[Date "2007.05.01"]
[Round "3"]
[White "Fotiadis, Ioannis"]
[Black "Mourtzouni, Maria"]
[Result "1-0"]
[WhiteElo "1190"]
[BlackElo "1833"]
[PlyCount "71"]
[EventDate "2007.04.24"]
[EventType "swiss"]
[EventRounds "7"]
[EventCountry "GRE"]
[SourceTitle "EXT 2008"]
[Source "ChessBase"]
[SourceDate "2007.11.25"]
[SourceVersion "1"]
[SourceVersionDate "2007.11.25"]
[SourceQuality "1"]

1. e4 d5 2. exd5 Qxd5 3. Nc3 Qa5 4. d4 c6 5. Bc4 Bf5 6. Nge2 e6 7. 0-0 Nf6 8. Ng3 Bg6 9. f4 Be7 10. Qe2 Nbd7 11. Bd2 Bb4 12. f5 0-0-0 13. fxg6 hxg6 14. a3 Bxc3 15. Bxc3 Qc7 16. Bd2 Nb6 17. Bf4 Qd7 18. Be5 Rh7 19. c3 Rdh8 20. h3 Nxc4 21. Qxc4 Nd5 22. Qd3 f6 23. Bf4 g5 24. Bd2 Qc7 25. c4 Nf4 26. Bxf4 gxf4 27. Ne2 g5 28. d5 Qd6 29. Rad1 g4 30. Nxf4 gxh3 31. Nxh3 Rxh3 32. gxh3 Rg8+ 33. Kh1 Rg3 34. Qh7 Qe5 35. d6 f5 36. Qc7# 1-0

[Event "Aegean op 28th"]
[Site "Aghios Kirykos"]
[Date "2005.07.13"]
[Round "2"]
[White "Mourtzouni, Maria"]
[Black "Simeonidis, Ioannis"]
[Result "0-1"]
[WhiteElo "1909"]
[BlackElo "2246"]
[PlyCount "60"]
[EventDate "2005.07.12"]
[EventType "swiss"]
[EventRounds "9"]
[EventCountry "GRE"]
[SourceTitle "CBM 107 Extra"]
[Source "ChessBase"]
[SourceDate "2005.09.01"]
[SourceVersion "1"]
[SourceVersionDate "2005.09.01"]
[SourceQuality "1"]

1. e4 c5 2. Nc3 e6 3. Nf3 a6 4. g3 Nc6 5. Bg2 d6 6. 0-0 Bd7 7. d3 Be7 8. Re1 Nf6 9. e5 dxe5 10. Nxe5 Rc8 11. Nxd7 Qxd7 12. Bd2 0-0 13. h4 Rfd8 14. h5 b5 15. Ne4 c4 16. Bc3 Nd5 17. dxc4 Nxc3 18. Nxc3 Qa7 19. Qg4 Rd4 20. Qf3 Rxc4 21. Re4 Nd4 22. Qd1 Bf6 23. a3 Rd8 24. Bf1 Rc7 25. Bd3 Rcd7 26. Qf1 Nf3+ 27. Kg2 Nd2 28. Qe2 Nxe4 29. Qxe4 Qb7 30. Qxb7 Rxb7 0-1

[Event "Patras op"]
[Site "Patras"]
[Date "2002.08.05"]
[Round "6.39"]
[White "Mourtzouni, Maria"]
[Black "Androutselis, Thomas"]
[Result "1-0"]
[WhiteElo "1550"]
[BlackElo "1385"]
[PlyCount "67"]
[EventDate "2002.08.??"]
[EventType "swiss"]
[EventRounds "9"]
[EventCountry "GRE"]
[SourceTitle "CBM 089 Extra"]
[Source "ChessBase"]
[SourceDate "2002.09.10"]
[SourceVersion "2"]
[SourceVersionDate "2002.09.10"]
[SourceQuality "1"]

1. e4 b6 2. d4 Bb7 3. Nc3 Nf6 4. Bd3 e6 5. Nf3 h6 6. 0-0 c5 7. Re1 Be7 8. Bd2 0-0 9. Ne5 Nc6 10. Nxc6 Bxc6 11. Be3 Re8 12. e5 Nd5 13. Nxd5 Bxd5 14. Qg4 Bg5 15. dxc5 Bxe3 16. Rxe3 bxc5 17. Rg3 Qg5 18. Qxg5 hxg5 19. Rxg5 Rab8 20. c4 Bc6 21. b3 Red8 22. Re1 d5 23. exd6 Rxd6 24. Re3 Rbd8 25. Bf1 Rd2 26. Rxc5 Bb7 27. Rc7 Rb8 28. Rd3 Rxa2 29. Rdd7 Be4 30. Rxf7 Rxb3 31. Rxg7+ Kh8 32. Rge7 Rb8 33. Rxe6 Bxg2 34. Rh6+ 1-0